Fenerbahçe SK Squad 2023-2024 - Statistics

General Stats
  • This quiz has been taken 660 times
    579 since last reset
  • The average score is 25 of 34
Answer Stats
# Position Nation Player % Correct
9 FW Bosnia and Herzegovina Edin Džeko
99%
10 FW Serbia Dušan Tadić
96%
40 GK Croatia Dominik Livaković
94%
35 MF Brazil Fred
89%
6 DF Ghana Alexander Djiku
88%
21 DF Nigeria Bright Osayi-Samuel
87%
17 FW Turkey İrfan Can Kahveci
87%
50 DF Brazil Rodrigo Becão
87%
7 DF Turkey Ferdi Kadıoğlu
86%
23 FW Belgium Michy Batshuayi
85%
53 MF Poland Sebastian Szymański
85%
70 GK Turkey İrfan Can Eğribayat
83%
5 MF Turkey İsmail Yüksek
81%
11 FW England Ryan Kent
81%
- Coach Turkey İsmail Kartal
80%
2 DF Turkey Çağlar Söyüncü
79%
19 DF Italy Leonardo Bonucci
79%
33 MF Bosnia and Herzegovina Rade Krunić
79%
24 DF Netherlands Jayden Oosterwolde
78%
8 MF Turkey Mert Hakan Yandaş
76%
26 MF Slovenia Miha Zajc
74%
20 FW Turkey Cengiz Ünder
71%
15 FW Norway Joshua King
70%
4 DF Turkey Serdar Aziz
70%
91 FW Turkey Serdar Dursun
69%
16 DF Turkey Mert Müldür
68%
27 MF Portugal Miguel Crespo
67%
3 DF Turkey Samet Akaydin
62%
99 FW Turkey Emre Mor
58%
14 DF Brazil Luan Peres
50%
18 DF Brazil Lincoln
44%
22 FW Turkey Umut Nayir
43%
28 MF Turkey Bartuğ Elmaz
36%
97 GK Turkey Furkan Akyüz
33%
No matching quizzes found
Score Distribution
Percent of People with Each Score
Percentile by Number Answered
Your Score History
You have not taken this quiz since the last reset